ARRUPE JESUIT UNIVERSITY

CORONAVIRUS -STOP THE SPREAD - CLEAN,DISINFECT,COVER

Pedagogy in process : (Record no. 129384)

MARC details
000 -LEADER
fixed length control field 01085cam a2200301 i 4500
001 - CONTROL NUMBER
control field 374076
003 - CONTROL NUMBER IDENTIFIER
control field ARRUPE
005 - DATE AND TIME OF LATEST TRANSACTION
control field 20190408095836.0
008 - FIXED-LENGTH DATA ELEMENTS--GENERAL INFORMATION
fixed length control field 780214s1978 nyuaf b 000 0 eng
010 ## - LIBRARY OF CONGRESS CONTROL NUMBER
LC control number 78002678
020 ## - INTERNATIONAL STANDARD BOOK NUMBER
International Standard Book Number 0816493391 :
Terms of availability $8.95
040 ## - CATALOGING SOURCE
Original cataloging agency DLC
Transcribing agency DLC
Modifying agency DLC
041 1# - LANGUAGE CODE
Language code of text/sound track or separate title engpor
043 ## - GEOGRAPHIC AREA CODE
Geographic area code f-pg---
050 00 - LIBRARY OF CONGRESS CALL NUMBER
Classification number LC5225.R4
Item number F7313
082 00 - DEWEY DECIMAL CLASSIFICATION NUMBER
Classification number 374.9/66/57
300 ## - PHYSICAL DESCRIPTION
Other physical details ill. ;
Dimensions 22 cm.
100 1# - MAIN ENTRY--PERSONAL NAME
Personal name Freire, Paulo,
Dates associated with a name 1921-1997.
9 (RLIN) 26953
245 10 - TITLE STATEMENT
Title Pedagogy in process :
Remainder of title the letters to Guinea-Bissau /
Statement of responsibility, etc Paulo Freire ; translated by Carman St. John Hunter.
260 ## - PUBLICATION, DISTRIBUTION, ETC. (IMPRINT)
Place of publication, distribution, etc London :
Name of publisher, distributor, etc Bloomsbury,
Date of publication, distribution, etc 2016.
300 ## - PHYSICAL DESCRIPTION
Extent xi, 154 p.,
490 0# - SERIES STATEMENT
Series statement A Continuum book
500 ## - GENERAL NOTE
General note Translation of Cartas à Guiné-Bissau.
504 ## - BIBLIOGRAPHY, ETC. NOTE
Bibliography, etc Includes bibliographical references.
650 #0 - SUBJECT ADDED ENTRY--TOPICAL TERM
Topical term or geographic name as entry element Reading (Adult education)
Geographic subdivision Guinea-Bissau.
9 (RLIN) 45782
650 #0 - SUBJECT ADDED ENTRY--TOPICAL TERM
Topical term or geographic name as entry element Elementary education of adults
Geographic subdivision Guinea-Bissau.
9 (RLIN) 45783
650 #0 - SUBJECT ADDED ENTRY--TOPICAL TERM
Topical term or geographic name as entry element Literacy
Geographic subdivision Guinea-Bissau
9 (RLIN) 45784
700 ## - ADDED ENTRY--PERSONAL NAME
Personal name Hunter, Carman St John
Relator term tr.
9 (RLIN) 45790
906 ## - LOCAL DATA ELEMENT F, LDF (RLIN)
a 7
b cbc
c orignew
d 1
e ocip
f 19
g y-gencatlg
942 ## - ADDED ENTRY ELEMENTS (KOHA)
Source of classification or shelving scheme Library of Congress Classification
Koha item type Monograph ( Printed materials)
Holdings
Withdrawn status Lost status Source of classification or shelving scheme Damaged status Not for loan Collection code Home library Current library Shelving location Date acquired Total Checkouts Full call number Barcode Date last seen Date checked out Price effective from Koha item type
    Library of Congress Classification     Main Collection ARRUPE LIBRARY ARRUPE LIBRARY Main Collection 03/04/2019 3 LC5225.R4 F7313 46600004528 16/05/2022 14/06/2019 03/04/2019 Monograph ( Printed materials)

 

Arrupe Library. PO Box MP320 Mt Pleasant, Harare, Zimbabwe
263 242 745411|librarian@aju.ac.zw